Consultation paper (Record no. 108007)

MARC details
000 -LEADER
fixed length control field 01497cad a22002295a 4500
001 - CONTROL NUMBER
control field L142886
008 - FIXED-LENGTH DATA ELEMENTS--GENERAL INFORMATION
fixed length control field 080317s2008 xxk f 000 0 eng d
035 ## - SYSTEM CONTROL NUMBER
System control number (Sirsi) u142886
041 0# - LANGUAGE CODE
Language code of text/sound track or separate title eng
050 04 - LIBRARY OF CONGRESS CALL NUMBER
Classification number 333.72 $2 18
110 2# - MAIN ENTRY--CORPORATE NAME
Corporate name or jurisdiction name as entry element Joint Contracts Tribunal
9 (RLIN) 3664
245 00 - TITLE STATEMENT
Title Consultation paper
Remainder of title sustainability
Medium [electronic resource]
260 ## - PUBLICATION, DISTRIBUTION, ETC.
Place of publication, distribution, etc. [S.l.]
Name of publisher, distributor, etc. JCT
Date of publication, distribution, etc. 2008
520 ## - SUMMARY, ETC.
Summary, etc. Asks for feedback on whether construction contracts should include clauses which require contracting parties to adhere to sustainability terms. Sustainability would apply throughout the supply chain and relate to the specification of construction products and the construction process. The consultation paper contains a list of sustainability items that might be covered in the contract documents. These include carbon emissions/consumption of energy/consumption of water/waste management associated with the construction process/end use of the project, origin of construction materials, commercial vehicle movements, and maintenance of biodiversity. Consultation closes 29 February 2008.
521 2# - TARGET AUDIENCE NOTE
Target audience note Advanced
590 ## - LOCAL NOTE (RLIN)
Local note KA
651 #4 - SUBJECT ADDED ENTRY--GEOGRAPHIC NAME
Geographic name United Kingdom
Chronological subdivision
690 ## - LOCAL SUBJECT ADDED ENTRY--TOPICAL TERM (OCLC, RLIN)
Topical term or geographic name as entry element BUILT ENVIRONMENT-SUSTAINABLE CONSTRUCTION
690 ## - LOCAL SUBJECT ADDED ENTRY--TOPICAL TERM (OCLC, RLIN)
Topical term or geographic name as entry element BUILT ENVIRONMENT-BUILDING CONTRACT FORMS-STANDARD FORMS OF BUILDING CONTRACT-JOINT CONTRACTS TRIBUNAL CONTRACTS
856 40 - ELECTRONIC LOCATION AND ACCESS
Uniform Resource Identifier <a href="https://www.jctltd.co.uk/stylesheet.asp?file=29012008122025">https://www.jctltd.co.uk/stylesheet.asp?file=29012008122025</a>
Public note View the consultation paper free of charge at www.jctltd.co.uk...
942 ## - ADDED ENTRY ELEMENTS (KOHA)
Suppress in OPAC 0
Holdings
Withdrawn status Lost status Source of classification or shelving scheme Damaged status Not for loan Home library Current library Shelving location Date acquired Total Checkouts Full call number Barcode Date last seen Copy number Price effective from Koha item type
    Dewey Decimal Classification     Virtual Virtual Online 17/03/2008   ONLINE PUBLICATION 142886-2001 06/08/2019 1 06/08/2019 Book